000 00718nam a2200253Ia 4500
008 160803s9999 xx 000 0 und d
020 _a0 590876120
100 _aPeterson, John
245 4 _aThe Littles and their amazing new friend /
245 _cby John Peterson ; pictures by Roberta Carter Clark ; cover illustration by Jacqueline Rogers.
260 _aNew York :
260 _bScholastic Inc.
260 _c1999
300 _a102 pages :
300 _billustrations ;
300 _c20 cm.
440 _aThe Littles.
650 _aFantasy.
650 _aFriendship --
650 _aLittle family (Fictitious characters) --
650 _xFiction.
650 _xFiction.
700 _a730
999 _c298779
_d298779